Produção de óleo essencial em catuaba (Trichilia catigua k. Juss) e negramina (Siparuna gu/anens/s Aubl.) em função da época de colheita (Registro n. 298620)
[ somente texto ]
| 000 -LÍDER | |
|---|---|
| fixed length control field | 04327nab a2200313 i 4500 |
| 003 - CÓDIGO MARC DA AGÊNCIA CATALOGADORA | |
| Campo de controle | BR-BrBNA |
| 005 - DATA E HORA DA ÚLTIMA ATUALIZAÇÃO | |
| Campo de controle | 20240228112445.0 |
| 008 - CAMPO DE TAMANHO FIXO | |
| fixed length control field | 240228b2006 bl.qr|p|oa||| 00| 0 por | |
| 040 ## - FONTE DA CATALOGAÇÃO | |
| Agência catalogadora | BR-BrBNA |
| Idioma da catalogação | por |
| 072 ## - CATEGORIA AGRIS | |
| Código AGRIS | K50 |
| 100 ## - ENTRADA PRINCIPAL - NOME PESSOAL | |
| Nome pessoal | Castellani, D.C. |
| 100 ## - ENTRADA PRINCIPAL - NOME PESSOAL | |
| Nome pessoal | Casali, V.W.D. |
| 100 ## - ENTRADA PRINCIPAL - NOME PESSOAL | |
| Nome pessoal | Souza, A.L. |
| 100 ## - ENTRADA PRINCIPAL - NOME PESSOAL | |
| Nome pessoal | Cecon, P.R. |
| 100 ## - ENTRADA PRINCIPAL - NOME PESSOAL | |
| Nome pessoal | Cardoso, C.A. |
| 100 ## - ENTRADA PRINCIPAL - NOME PESSOAL | |
| Nome pessoal | Marques, V.B. |
| 245 ## - TÍTULO PRINCIPAL | |
| Título principal | Produção de óleo essencial em catuaba (Trichilia catigua k. Juss) e negramina (Siparuna gu/anens/s Aubl.) em função da época de colheita |
| 500 ## - NOTA GERAL | |
| Nota geral | Publicação on-line; 10 ref.; 2 tables; 2 illus.; Summaries (En, Pt) |
| 942 ## - ADDED ENTRY ELEMENTS (KOHA) | |
| Koha item type | |
| 520 ## - NOTA DE RESUMO | |
| Nota de conteúdo | <br/>RESUMO: <br/><br/>Os óleos essenciais encontram ampla aplicação industrial, empregando-se puros, na forma<br/>de substâncias isoladas ou a parte vegetal que os contém. Este trabalho teve como objetivo estudar a<br/>produção de óleo essencial em função da época de colheita (primavera, verão, outono e inverno) da <br/>matéria-prima vegetal (folhas e galhos), visando o controle de qualidade no manejo de populações naturais de<br/>catuaba (Trichilia catigua A. Juss.) e negramina (Siparuna guianensis Aubl.). Na análise dos dados <br/>considerouse o esquema de parcelas subdivididas, tendo nas parcelas as épocas (estações do ano) e nas subparcelas<br/>as partes vegetais, no delineamento em blocos casualizados com 6 repetições. A extração de óleo essencial<br/>(OE) foi expresso com base no peso seco e extraído por arraste a vapor. Os resultados mostraram que a<br/>catuaba e a negramina não apresentaram variabilidade sazonal na produção de óleo essencial; observouse <br/>também, que não existe interação entre épocas e partes vegetais para ambas espécies. Contudo,<br/>visando otimizar as operações de manejo em função das estações do ano e os maiores rendimentos de<br/>óleo essencial, a colheita de catuaba deve ser realizada na estação do inverno ( 0,21% OE folhas e 0,16%<br/>OE galhos) e de negramina na estação do outono (0,18% OE folhas e 0,065% OE galhos).<br/><br/>Palavras-chave: plantas medicinais, óleo essencial, produtos florestais não madeireiros, variabilidade<br/>química sazonal, Mata Atlântica |
| 520 ## - NOTA DE RESUMO | |
| Nota de conteúdo | <br/>ABSTRACT: <br/><br/>Production of essential oil in catuaba (Trichilia catigua A. Juss) and negramina (Siparuna<br/>guianensis Aubl.) in function of the harvest time. The essential oils find a wide industrial application, being<br/>used pure, in the form of isolated substances or the vegetable part that contains them. This work had as<br/>objective to study the production of essential oil in function of the harvest time (spring, summer, autumn and<br/>winter) of the vegetable raw material (leaves and branches), seeking the quality control in the management<br/>of natural populations of these species. In the analysis of the data it was considered the outline of subdivided<br/>fractions, having in the fractions the periods (seasons) and in the sub fractions the vegetable parts, in the<br/>delineation in randomized blocks with 6 repetitions. The content of essential oil (OE) was expressed on dry<br/>weight basis and it was extracted through the vapor dragging method. The results showed that catuaba and<br/>negramina didn’t present seasonal variability in the production of essential oil; it was also observed that<br/>interaction doesn’t exist between times and vegetable parts for both species. However, seeking to optimize<br/>the handling operations in function of the seasons and the largest production of essential oil, the harvest of<br/>catuaba should be accomplished in the winter season (0,21% OE leaves and 0,16% OE branches) and the<br/>harvest of negramina in the autumn season (0,18% OE leaves and 0,065% OE branches).<br/><br/>Key words: medicinal plants, essential oil, non-woody forest products, seasonal chemical variability, Mata<br/>Atlântica |
| 650 ## - ASSUNTO - THESAGRO | |
| Cabeçalho tópico ou nome geográfico | PLANTA MEDICINAL |
| 650 ## - ASSUNTO - THESAGRO | |
| Cabeçalho tópico ou nome geográfico | ÓLEO ESSENCIAL |
| 650 ## - ASSUNTO - THESAGRO | |
| Cabeçalho tópico ou nome geográfico | PRODUTO FLORESTAL |
| 650 ## - ASSUNTO - THESAGRO | |
| Cabeçalho tópico ou nome geográfico | MATA ATLÂNTICA |
| 773 0# - ENTRADA ANALÍTICA | |
| Host Biblionumber | 3543 |
| Registro do item | 313785 |
| Imprenta | Botucatu-SP Instituto de Biociências - Departamento de Química e Bioquímica 1998 |
| Outro identificador | 2024-0053 |
| Título | Revista Brasileira de Plantas Medicinais (Brazil) |
| ISSN | 1516-0572 |
| Colação | v. 8(4) p. 62-65; (2006) |
| Número de controle de registro | BR2024000077 |
| 856 ## - ACESSO E ENDEREÇO ELETRÔNICO | |
| Identificador uniforme de recurso - URI | http://www.sbpmed.org.br/admin/files/papers/file_94TDLPu97zdJ.pdf |
Nenhum exemplar disponível.

BINAGRI